[Event "Nutcracker Classical B"]
[Site "Moscow RUS"]
[Date "2015.12.20"]
[Round "1.1"]
[White "Nesterov, Arseniy"]
[Black "Mylnikova, Olga"]
[Result "0-1"]
[BlackTitle "WFM"]
[WhiteElo "2102"]
[BlackElo "2197"]
[WhiteTeam "Youths"]
[BlackTeam "Girls"]
[WhiteFideId "24198455"]
[BlackFideId "24137880"]
[EventDate "2015.12.20"]

1. e4 c5 2. Nf3 Nc6 3. Bb5 e6 4. O-O Nge7 5. c3 a6 6. Ba4 b5 7. Bc2 d5 8. e5 d4
9. Qe2 Bb7 10. Be4 Ng6 11. cxd4 cxd4 12. d3 Be7 13. Nbd2 Qb6 14. Nb3 Rd8 15. Bd2
Rd7 16. Rac1 O-O 17. h4 Rc8 18. h5 Nf8 19. h6 g6 20. Bg5 a5 21. Bxc6 Rxc6 22.
Rxc6 Bxc6 23. Bxe7 Rxe7 24. Nbxd4 Bd5 25. Qe3 Nd7 26. Rc1 Re8 27. Qf4 f5 28. a3
a4 29. Qh4 Qb7 30. Rc3 Qb6 31. Rc8 Kf8 32. Rxe8+ Kxe8 33. Ng5 Nf8 34. Ne2 Qc6
35. Qb4 Bxg2 36. Nd4 Qc1+ 37. Kxg2 Qxg5+ 38. Kf1 Qxh6 39. Qxb5+ Kf7 40. Qb7+ Kg8
41. Qc6 Qh3+ 42. Ke2 Qg4+ 43. Ke3 Qd1 44. Nxe6 Qe1+ 45. Kd4 Qxf2+ 46. Kc3 Qe1+
47. Kc2 Qe2+ 48. Kc1 Qxe5 49. Nxf8 Qf4+ 50. Kc2 Kxf8 51. Qf6+ Kg8 52. d4 Qe4+
53. Kd2 f4 54. Qd8+ Kg7 55. Qd7+ Kf6 56. Qxa4 Qe3+ 57. Kd1 f3 58. Qa6+ Kg7 59.
d5 Qg1+ 60. Kd2 Qg2+ 61. Kd1 f2 62. Qa7+ Kh6 63. Qe3+ Kh5 64. Qe5+ g5 65. Qe2+
Kh4 66. Qc4+ Qg4+ 67. Qe2 0-1

[Event "Nutcracker Classical B"]
[Site "Moscow RUS"]
[Date "2015.12.20"]
[Round "1.2"]
[White "Tsoi, Dmitry"]
[Black "Dordzhieva, Dinara"]
[Result "1-0"]
[BlackTitle "WIM"]
[WhiteElo "2060"]
[BlackElo "2230"]
[WhiteTeam "Youths"]
[BlackTeam "Girls"]
[WhiteFideId "24194697"]
[BlackFideId "24157570"]
[EventDate "2015.12.20"]

1. e4 c5 2. Nf3 e6 3. d4 cxd4 4. Nxd4 a6 5. Nc3 d6 6. Be3 Nf6 7. Be2 Qc7 8. a4
b6 9. f4 Bb7 10. Bf3 Nbd7 11. Qe2 Be7 12. O-O O-O 13. g4 Nc5 14. Bd2 d5 15. e5
Nfe4 16. Bxe4 Nxe4 17. Nxe4 dxe4 18. c3 e3 19. Bxe3 Bc5 20. h3 f6 21. b4 fxe5
22. bxc5 exd4 23. Bxd4 Qc6 24. cxb6 Qh1+ 25. Kf2 Rxf4+ 26. Kg3 Rxf1 27. Rxf1 Qd5
28. Re1 Re8 29. Qe5 Qf3+ 30. Kh4 Qf7 31. Rf1 Qe7+ 32. Kg3 Rc8 33. Re1 Rc6 34. a5
h6 35. h4 Qf7 36. Rf1 Qe7 37. g5 hxg5 38. hxg5 Qd6 39. g6 Qxe5+ 40. Bxe5 Rc5 41.
Rf7 1-0

[Event "Nutcracker Classical B"]
[Site "Moscow RUS"]
[Date "2015.12.20"]
[Round "1.3"]
[White "Potapova, Margarita"]
[Black "Remizov, Yaroslav"]
[Result "1/2-1/2"]
[WhiteTitle "WFM"]
[WhiteElo "2121"]
[BlackElo "2093"]
[WhiteTeam "Girls"]
[BlackTeam "Youths"]
[WhiteFideId "14126869"]
[BlackFideId "34134015"]
[EventDate "2015.12.20"]

1. e4 d6 2. d4 Nf6 3. Nc3 Nbd7 4. Nge2 c6 5. a4 e5 6. h3 g6 7. g4 Bg7 8. Bg2 O-O
9. Be3 Re8 10. g5 Nh5 11. Bf3 Nf4 12. Nxf4 exf4 13. Bxf4 Qb6 14. Ne2 c5 15. c3
cxd4 16. cxd4 Nf8 17. Qd2 Bd7 18. Be3 Rac8 19. Nc3 Ne6 20. Rd1 Qb4 21. O-O Rc4
22. Ne2 Qb3 23. Qd3 Bxa4 24. Qxb3 Bxb3 25. Rd2 a5 26. Nc1 a4 27. Nxb3 axb3 28.
e5 dxe5 29. d5 Nd4 30. Bxd4 exd4 31. Rd3 Rb4 32. Rc1 Be5 33. h4 Bd6 34. Kf1 Bf4
35. Rcd1 Be5 36. Re1 Kf8 37. Bd1 Bf4 38. Bxb3 Rxe1+ 39. Kxe1 Bc1 40. Kd1 Bxb2
41. Kc2 Bc3 42. Rf3 Ke7 43. Rf6 Ba1 44. Rf3 Rb5 45. Kd2 Bc3+ 46. Kc2 Ba5 47. d6+
Kxd6 48. Bxf7 Rc5+ 49. Kd1 Ke5 50. Bg8 Rc7 51. Rf7 Rxf7 52. Bxf7 Kd6 53. h5 gxh5
54. Bxh5 Ke5 55. g6 hxg6 56. Bxg6 Kf4 57. Ke2 Bc7 58. Bd3 Bd8 59. Bc4 Bg5 60.
Kd3 Bf6 61. Bd5 b6 62. Bc6 Ke5 63. Bb5 Kd5 64. Kc2 Kc5 65. Bd3 Kb4 66. Kb2 Bh4
67. f4 Bf6 68. Kc2 Bg7 69. f5 Be5 70. Kb2 Kc5 71. Kb3 b5 72. Be4 Bf6 73. Bd3 Be7
74. Be4 Kd6 75. Bd3 Kc5 76. Be4 Bh4 77. Bd3 Bg5 78. Be4 Be7 79. Bd3 b4 80. Be4
Bf8 81. Bd3 Kd5 82. Bc2 1/2-1/2

[Event "Nutcracker Classical B"]
[Site "Moscow RUS"]
[Date "2015.12.20"]
[Round "1.4"]
[White "Dimitrova, Aleksandra"]
[Black "Shubin, Kirill"]
[Result "1/2-1/2"]
[WhiteTitle "WFM"]
[BlackTitle "FM"]
[WhiteElo "2193"]
[BlackElo "2208"]
[WhiteTeam "Girls"]
[BlackTeam "Youths"]
[WhiteFideId "24173371"]
[BlackFideId "34119962"]
[EventDate "2015.12.20"]

1. e4 e6 2. d4 d5 3. Nd2 Be7 4. Bd3 c5 5. dxc5 Nf6 6. Qe2 O-O 7. Ngf3 Nfd7 8.
Nb3 a5 9. a4 Na6 10. exd5 Ndxc5 11. Nxc5 Nxc5 12. Bb5 exd5 13. O-O Be6 14. Be3
Rc8 15. Rad1 Qc7 16. Nd4 Rfd8 17. Rfe1 Bd7 18. Qf3 Ne4 19. Bf4 Bd6 20. Bxd6 Qxd6
21. c4 Bxb5 22. Nxb5 Qb4 23. b3 Nd2 24. Qf5 dxc4 25. bxc4 Nxc4 26. h3 Qf8 27.
Qe4 Rxd1 28. Rxd1 b6 29. Rd4 Na3 30. Nd6 Rd8 31. Qd3 Nc2 32. Qxc2 Rxd6 33. Rxd6
Qxd6 34. Qc8+ Qf8 35. Qc7 g6 36. Qxb6 Qb4 37. Qc6 Qe1+ 38. Kh2 Qe5+ 39. g3 Kg7
40. Kg2 h6 1/2-1/2

[Event "Nutcracker Classical B"]
[Site "Moscow RUS"]
[Date "2015.12.21"]
[Round "2.1"]
[White "Nesterov, Arseniy"]
[Black "Potapova, Margarita"]
[Result "1-0"]
[BlackTitle "WFM"]
[WhiteElo "2102"]
[BlackElo "2121"]
[WhiteTeam "Youths"]
[BlackTeam "Girls"]
[WhiteFideId "24198455"]
[BlackFideId "14126869"]
[EventDate "2015.12.20"]

1. e4 c5 2. Nf3 d6 3. Bb5+ Nc6 4. O-O Bd7 5. Re1 Nf6 6. h3 a6 7. Bf1 e6 8. c3
Rc8 9. d4 cxd4 10. cxd4 d5 11. e5 Ne4 12. Nc3 Nxc3 13. bxc3 Na5 14. Rb1 Be7 15.
Re3 Bc6 16. Nd2 Qd7 17. Rg3 g6 18. Nb3 Ba4 19. Bd3 Nc4 20. Bc2 Bb5 21. Qg4 Na3
22. Bxa3 Bxa3 23. h4 h5 24. Qf4 Rg8 25. Bd1 Rf8 26. Nd2 Kd8 27. c4 dxc4 28. Rxa3
c3 29. Ne4 c2 30. Bxc2 Rxc2 31. Nd6 Bc6 32. Rxa6 Kc7 33. Rab6 Rb8 34. a4 Ra2 35.
Qc1 Kd8 36. Rxc6 1-0

[Event "Nutcracker Classical B"]
[Site "Moscow RUS"]
[Date "2015.12.21"]
[Round "2.2"]
[White "Tsoi, Dmitry"]
[Black "Dimitrova, Aleksandra"]
[Result "1-0"]
[BlackTitle "WFM"]
[WhiteElo "2060"]
[BlackElo "2193"]
[WhiteTeam "Youths"]
[BlackTeam "Girls"]
[WhiteFideId "24194697"]
[BlackFideId "24173371"]
[EventDate "2015.12.20"]

1. e4 c5 2. Nf3 Nc6 3. d4 cxd4 4. Nxd4 Qb6 5. Nb3 Nf6 6. Nc3 e6 7. Be3 Qc7 8. a3
Be7 9. Be2 d6 10. O-O a6 11. f4 b5 12. Bf3 Bb7 13. Qe2 O-O 14. Rfd1 Nd7 15. Kh1
Nb6 16. a4 b4 17. a5 Nd7 18. Na4 Rac8 19. Nb6 Nxb6 20. axb6 Qb8 21. Qd2 Rfd8 22.
Nd4 Nxd4 23. Bxd4 e5 24. Be3 Rc4 25. Be2 Rxe4 26. Bd3 Rc8 27. Bxe4 Bxe4 28. c3
exf4 29. Bd4 f3 30. Kg1 fxg2 31. Qe3 Qb7 32. Re1 d5 33. Qg3 Bf8 34. Ra5 Rc6 35.
cxb4 f6 36. Rc5 Bd6 37. Qh3 Bxc5 38. bxc5 h6 39. b4 Kh7 40. Ra1 Bg6 41. b5 axb5
42. Ra7 Qc8 43. Qxc8 Rxc8 44. b7 Rb8 45. c6 1-0

[Event "Nutcracker Classical B"]
[Site "Moscow RUS"]
[Date "2015.12.21"]
[Round "2.3"]
[White "Mylnikova, Olga"]
[Black "Remizov, Yaroslav"]
[Result "1/2-1/2"]
[WhiteTitle "WFM"]
[WhiteElo "2197"]
[BlackElo "2093"]
[WhiteTeam "Girls"]
[BlackTeam "Youths"]
[WhiteFideId "24137880"]
[BlackFideId "34134015"]
[EventDate "2015.12.20"]

1. e4 d6 2. d4 Nf6 3. Nc3 e5 4. dxe5 dxe5 5. Qxd8+ Kxd8 6. Bg5 Be6 7. g3 h6 8.
Bxf6+ gxf6 9. f4 c6 10. f5 Bd7 11. Bc4 Ke8 12. a3 b5 13. Bb3 Na6 14. Nf3 Nc5 15.
Ke2 a5 16. Nd2 h5 17. a4 b4 18. Nd1 Bh6 19. Ne3 Bc8 20. Bc4 Ke7 21. Kf3 Rd8 22.
Nb3 Nxb3 23. Bxb3 Bxe3 24. Kxe3 Ra7 25. Rhd1 Rad7 26. Rxd7+ Rxd7 27. Bc4 Rd4 28.
Be2 Rd8 29. h4 Rh8 30. Rd1 Bd7 31. Bc4 c5 32. b3 Bc6 33. Be2 Rg8 34. Rg1 Rh8 35.
Rd1 Rg8 36. Rg1 Rh8 37. Rd1 Rg8 38. Rg1 Ra8 1/2-1/2

[Event "Nutcracker Classical B"]
[Site "Moscow RUS"]
[Date "2015.12.21"]
[Round "2.4"]
[White "Dordzhieva, Dinara"]
[Black "Shubin, Kirill"]
[Result "1-0"]
[WhiteTitle "WIM"]
[BlackTitle "FM"]
[WhiteElo "2230"]
[BlackElo "2208"]
[WhiteTeam "Girls"]
[BlackTeam "Youths"]
[WhiteFideId "24157570"]
[BlackFideId "34119962"]
[EventDate "2015.12.20"]

1. Nf3 c5 2. c4 Nc6 3. Nc3 Nd4 4. e3 Nxf3+ 5. Qxf3 g6 6. d3 Bg7 7. Bd2 d6 8. g3
Nf6 9. h3 Rb8 10. Bg2 O-O 11. O-O Be6 12. Rab1 Qd7 13. g4 h5 14. g5 Nh7 15. Qg3
b5 16. b3 b4 17. Nd5 Bxd5 18. Bxd5 Qf5 19. f4 Qxd3 20. Qg2 Qf5 21. Be4 Qd7 22.
f5 Qe8 23. h4 Be5 24. Bc1 e6 25. fxg6 fxg6 26. Bb2 Bxb2 27. Qxb2 e5 28. Rxf8+
Nxf8 29. Rf1 Qd7 30. Qg2 Kh8 31. Rf6 Rd8 32. Qf3 Nh7 33. Rxg6 Rf8 34. Qxh5 d5
35. cxd5 Qf7 36. Qe2 1-0

[Event "Nutcracker Classical B"]
[Site "Moscow RUS"]
[Date "2015.12.22"]
[Round "3.1"]
[White "Dordzhieva, Dinara"]
[Black "Nesterov, Arseniy"]
[Result "1-0"]
[WhiteTitle "WIM"]
[WhiteElo "2230"]
[BlackElo "2102"]
[WhiteTeam "Girls"]
[BlackTeam "Youths"]
[WhiteFideId "24157570"]
[BlackFideId "24198455"]
[EventDate "2015.12.20"]

1. c4 b6 2. d4 e6 3. Nc3 Bb7 4. e4 Bb4 5. Qc2 Bxc3+ 6. bxc3 d6 7. Bd3 c5 8. d5
e5 9. f4 Nd7 10. Nf3 Ne7 11. fxe5 dxe5 12. a4 a5 13. O-O Nc8 14. Qf2 f6 15. g4
Nd6 16. g5 Qc7 17. gxf6 gxf6 18. Nh4 O-O-O 19. Kh1 Rdg8 20. Nf5 Nxf5 21. Qxf5
Qd6 22. Be3 Rg6 23. Rf2 Kc7 24. Be2 Ba6 25. Qh3 Rg7 26. Qf1 Rhg8 27. Bh5 Re7 28.
Rb1 Reg7 29. Rfb2 Rb8 30. Bf3 Rg6 31. Bg2 Rg4 32. Qf3 Rg6 33. Qe2 Rg7 34. Bh3
Rg6 35. Bf5 Rg7 36. h4 Rg3 37. Qf2 Rbg8 38. Kh2 R3g7 39. Bh6 Rg4 40. Bxd7 Qxd7
41. Qxf6 R8g6 42. Qxe5+ Qd6 43. Qxd6+ Rxd6 44. Bg5 Rxe4 45. Rf2 Rd7 46. Rf6 Bxc4
47. Rc6+ Kb7 48. Rbxb6+ Ka7 49. d6 h6 50. Be7 Re2+ 51. Kg1 Rc2 52. Rb1 Rg2+ 53.
Kxg2 Bd5+ 54. Kg3 Bxc6 55. h5 Bxa4 56. Ra1 Bb3 57. Rxa5+ Kb6 58. Ra8 Bd1 59. Kh4
Kc6 60. Rc8+ Kd5 61. Rh8 Kc4 62. Rxh6 Kxc3 63. Rf6 c4 64. h6 Bc2 65. Rf7 Kb3 66.
h7 Bxh7 67. Rxh7 c3 68. Kg4 c2 69. Rh1 Kc4 70. Kf5 Rb7 71. Rc1 Kd3 72. Ke6 Rb1
73. Bg5 Rxc1 74. Bxc1 Ke2 75. d7 Kd1 76. Ba3 1-0

[Event "Nutcracker Classical B"]
[Site "Moscow RUS"]
[Date "2015.12.22"]
[Round "3.2"]
[White "Potapova, Margarita"]
[Black "Tsoi, Dmitry"]
[Result "1-0"]
[WhiteTitle "WFM"]
[WhiteElo "2121"]
[BlackElo "2060"]
[WhiteTeam "Girls"]
[BlackTeam "Youths"]
[WhiteFideId "14126869"]
[BlackFideId "24194697"]
[EventDate "2015.12.20"]

1. e4 c5 2. Nf3 d6 3. d4 Nf6 4. Nc3 cxd4 5. Nxd4 a6 6. h3 e5 7. Nde2 h5 8. g3
Be6 9. Bg2 Nbd7 10. Nd5 Nxd5 11. exd5 Bf5 12. Be3 Rc8 13. c3 Be7 14. O-O O-O 15.
f4 Bh7 16. f5 Bg5 17. Qc1 Bxe3+ 18. Qxe3 Qb6 19. Qxb6 Nxb6 20. b3 g5 21. c4 Nd7
22. Nc3 Nf6 23. a4 g4 24. a5 Rfe8 25. Ne4 Nxe4 26. Bxe4 Kg7 27. hxg4 hxg4 28.
Kg2 f6 29. Rh1 Rh8 30. Rh4 Bg8 31. Rxg4+ Kf8 32. Rh4 Rxh4 33. gxh4 Kg7 34. Rc1
Rb8 35. b4 b6 36. axb6 Rxb6 37. c5 Rxb4 38. cxd6 Rb8 39. Rc7+ Kh6 40. d7 Rd8 41.
d6 Bh7 42. Kf3 a5 43. Bc2 a4 44. Ke4 a3 45. Bb3 Kh5 46. Be6 Kg4 47. Ra7 Bg8 48.
Rxa3 1-0

[Event "Nutcracker Classical B"]
[Site "Moscow RUS"]
[Date "2015.12.22"]
[Round "3.3"]
[White "Remizov, Yaroslav"]
[Black "Dimitrova, Aleksandra"]
[Result "0-1"]
[BlackTitle "WFM"]
[WhiteElo "2093"]
[BlackElo "2193"]
[WhiteTeam "Youths"]
[BlackTeam "Girls"]
[WhiteFideId "34134015"]
[BlackFideId "24173371"]
[EventDate "2015.12.20"]

1. e4 c5 2. Nf3 Nc6 3. d4 cxd4 4. Nxd4 Qb6 5. Nb3 Nf6 6. Nc3 e6 7. Bd3 Be7 8.
O-O d6 9. Be3 Qc7 10. Kh1 a6 11. a4 b6 12. f4 Bb7 13. Bg1 O-O 14. Nd2 Nd7 15.
Rf3 Rfe8 16. Rh3 Nb4 17. Bd4 g6 18. Qg4 e5 19. fxe5 dxe5 20. Be3 Bc8 21. Qf3 Nf8
22. Bc4 Be6 23. Bxe6 Nxe6 24. Rf1 Bf8 25. Bxb6 Qd7 26. Be3 Nd4 27. Bxd4 exd4 28.
Nd5 Nxd5 29. exd5 Re3 30. Qf2 Rxh3 31. Ne4 Bg7 32. gxh3 Qxd5 33. Qg2 Rd8 34.
Nf6+ Bxf6 35. Qxd5 Rxd5 36. Rxf6 a5 37. Rc6 Kg7 38. Kg2 d3 39. cxd3 Rxd3 40. Rb6
h5 41. h4 Kf8 42. Rb5 Ke7 43. Kf1 Rd2 44. b3 Rb2 45. h3 Ke6 46. Ke1 Kd6 47. Kf1
Rh2 48. Rxa5 Rxh3 49. Ra7 Ke6 50. Rb7 Rxh4 51. a5 Rh1+ 52. Kg2 Ra1 53. b4 g5 54.
Rb6+ Kf5 55. a6 Kg4 56. b5 Ra2+ 57. Kf1 h4 58. Rc6 f5 59. Rc1 h3 60. Kg1 Kh4 61.
Rc7 h2+ 62. Kh1 g4 63. b6 Kh3 64. Rc1 g3 0-1

[Event "Nutcracker Classical B"]
[Site "Moscow RUS"]
[Date "2015.12.22"]
[Round "3.4"]
[White "Shubin, Kirill"]
[Black "Mylnikova, Olga"]
[Result "1-0"]
[WhiteTitle "FM"]
[BlackTitle "WFM"]
[WhiteElo "2208"]
[BlackElo "2197"]
[WhiteTeam "Youths"]
[BlackTeam "Girls"]
[WhiteFideId "34119962"]
[BlackFideId "24137880"]
[EventDate "2015.12.20"]

1. e4 c5 2. Nf3 Nc6 3. Bb5 e6 4. O-O Nge7 5. c3 a6 6. Ba4 b5 7. Bc2 d5 8. Qe2
Bb7 9. d3 d4 10. Nbd2 Ng6 11. Nb3 e5 12. Bg5 Qd7 13. Nh4 Nxh4 14. Bxh4 Be7 15.
Bxe7 Qxe7 16. f4 dxc3 17. bxc3 O-O 18. f5 f6 19. Qe3 b4 20. Qxc5 bxc3 21. Qxc3
Rac8 22. Qd2 Rfd8 23. Rae1 a5 24. Re3 Nb4 25. Bb1 a4 26. Nc1 Kh8 27. Kh1 Ba6 28.
Rh3 Rc7 29. a3 Nc6 30. Ba2 Nd4 31. Qe3 Nb3 32. Nxb3 Rxd3 33. Qb6 Rxh3 34. gxh3
Bb7 35. Nd2 Rc2 36. Bd5 Bxd5 37. exd5 1-0

[Event "Nutcracker Classical B"]
[Site "Moscow RUS"]
[Date "2015.12.23"]
[Round "4.1"]
[White "Dimitrova, Aleksandra"]
[Black "Nesterov, Arseniy"]
[Result "1-0"]
[WhiteTitle "WFM"]
[WhiteElo "2193"]
[BlackElo "2102"]
[WhiteTeam "Girls"]
[BlackTeam "Youths"]
[WhiteFideId "24173371"]
[BlackFideId "24198455"]
[EventDate "2015.12.20"]

1. e4 e6 2. d4 d5 3. Nd2 Nc6 4. Ngf3 Nf6 5. e5 Nd7 6. Nb3 Be7 7. Bb5 O-O 8. O-O
f5 9. exf6 Nxf6 10. Bxc6 bxc6 11. Ne5 Qe8 12. Be3 Bd6 13. Re1 Bd7 14. Nc5 Bxc5
15. dxc5 Qe7 16. Qd4 Be8 17. Rad1 Rb8 18. Rd3 Rb7 19. Rb3 Rxb3 20. axb3 Bg6 21.
c3 Qe8 22. b4 Bf5 23. Ra1 Qa8 24. f3 Rd8 25. Qh4 Qb7 26. Ra5 a6 27. Bd4 Rf8 28.
Qe1 Ra8 29. g4 Bc2 30. Nd7 Nxd7 31. Qxe6+ Kh8 32. Qxd7 Rg8 33. Ra1 Bg6 34. Re1
Qb5 35. Kf2 Qd3 36. Qxc7 Qd2+ 37. Re2 Qg5 38. Qe7 Qxe7 39. Rxe7 h5 40. h3 hxg4
41. hxg4 Bd3 42. Re6 Rc8 43. Ke3 Bb5 44. Re7 Rg8 45. Kf4 Kh7 46. Kg5 Bc4 47. f4
Bb5 48. b3 Bf1 49. Re1 Bg2 50. Re2 1-0

[Event "Nutcracker Classical B"]
[Site "Moscow RUS"]
[Date "2015.12.23"]
[Round "4.2"]
[White "Mylnikova, Olga"]
[Black "Tsoi, Dmitry"]
[Result "1-0"]
[WhiteTitle "WFM"]
[WhiteElo "2197"]
[BlackElo "2060"]
[WhiteTeam "Girls"]
[BlackTeam "Youths"]
[WhiteFideId "24137880"]
[BlackFideId "24194697"]
[EventDate "2015.12.20"]

1. d4 d5 2. c4 e6 3. Nc3 Be7 4. cxd5 exd5 5. Bf4 c6 6. e3 Nf6 7. Bd3 Bg4 8. Nge2
Bh5 9. f3 Bg6 10. e4 dxe4 11. fxe4 O-O 12. O-O Qd7 13. Qd2 Bb4 14. e5 Nd5 15. a3
Ba5 16. Bc4 Rc8 17. b4 Bd8 18. Rac1 b5 19. Nxd5 bxc4 20. Ne3 Bb6 21. Nxc4 Rf8
22. Kh1 Na6 23. Qc3 Nc7 24. Nd6 Nb5 25. Nxb5 cxb5 26. Qf3 Rad8 27. Bg5 Rde8 28.
Rfd1 Bf5 29. h3 Kh8 30. Nc3 Bg6 31. Nd5 Qf5 32. Qxf5 Bxf5 33. Be7 Rg8 34. Bd6
Bd8 35. Rc5 Bb6 36. Rc3 Rc8 37. Rxc8 Rxc8 38. Ne7 Bc2 39. Nxc8 Bxd1 40. Bc5 Bb3
41. Bxb6 axb6 42. Nxb6 Kg8 43. Nd7 h5 44. h4 Bd5 45. Kg1 Bc6 46. Nb6 Kf8 47. d5
Bb7 48. Kf2 Ke7 49. Ke3 Kd8 50. Kd4 f6 51. exf6 gxf6 52. Kc5 Ke7 53. g3 1-0

[Event "Nutcracker Classical B"]
[Site "Moscow RUS"]
[Date "2015.12.23"]
[Round "4.3"]
[White "Remizov, Yaroslav"]
[Black "Dordzhieva, Dinara"]
[Result "1-0"]
[BlackTitle "WIM"]
[WhiteElo "2093"]
[BlackElo "2230"]
[WhiteTeam "Youths"]
[BlackTeam "Girls"]
[WhiteFideId "34134015"]
[BlackFideId "24157570"]
[EventDate "2015.12.20"]

1. e4 c5 2. Nf3 d6 3. d4 cxd4 4. Nxd4 Nf6 5. Nc3 g6 6. Be3 Bg7 7. f3 a6 8. Qd2
h5 9. O-O-O Nbd7 10. Bc4 b5 11. Bd5 Nxd5 12. exd5 Bb7 13. Rhe1 O-O 14. Bg5 Re8
15. f4 Rc8 16. f5 Rc4 17. Qe3 Qc8 18. fxg6 fxg6 19. Qe6+ Kh7 20. Qf7 Ne5 21.
Rxe5 dxe5 22. Ne6 Rg8 23. Bxe7 b4 24. Bf6 Rf4 25. Nxf4 exf4 26. Ne4 Qf5 27. Ng5+
Kh8 28. Bxg7+ Rxg7 29. Qxf5 gxf5 30. d6 Bc6 31. Nh3 Rxg2 32. Nxf4 Rf2 33. Ng6+
Kg7 34. Ne5 Bb5 35. d7 Bxd7 36. Nxd7 Rxh2 37. Ne5 Kf6 38. Nf3 Rf2 39. Nd2 h4 40.
Rf1 Rg2 41. Rh1 h3 42. Kd1 Kg5 43. Rxh3 Kg4 44. Rh1 f4 45. Rf1 Rg3 46. Ke2 a5
47. Nf3 Kf5 48. Rg1 1-0

[Event "Nutcracker Classical B"]
[Site "Moscow RUS"]
[Date "2015.12.23"]
[Round "4.4"]
[White "Shubin, Kirill"]
[Black "Potapova, Margarita"]
[Result "1-0"]
[WhiteTitle "FM"]
[BlackTitle "WFM"]
[WhiteElo "2208"]
[BlackElo "2121"]
[WhiteTeam "Youths"]
[BlackTeam "Girls"]
[WhiteFideId "34119962"]
[BlackFideId "14126869"]
[EventDate "2015.12.20"]

1. e4 c5 2. Nf3 d6 3. d4 cxd4 4. Qxd4 Nc6 5. Bb5 Bd7 6. Qd3 g6 7. c4 Bg7 8. Nc3
Nf6 9. h3 O-O 10. O-O a6 11. Bxc6 Bxc6 12. Nd4 Nd7 13. Be3 Nc5 14. Qc2 Ne6 15.
Rad1 Qa5 16. Nb3 Qc7 17. Nd5 Bxd5 18. exd5 Nc5 19. Nxc5 dxc5 20. Rfe1 Rfe8 21.
Bg5 Qd6 22. Re4 b5 23. b3 Ra7 24. Qe2 bxc4 25. Rxc4 Bd4 26. b4 Rd7 27. bxc5 Bxc5
28. Qc2 Ba7 29. Qc3 Bb8 30. Bf4 e5 31. Rc6 Rc7 32. Bg5 Rxc6 33. Qxc6 Rf8 34. Bf6
Qxc6 35. dxc6 Bc7 36. Rd7 Rc8 37. Kf1 h6 38. h4 g5 39. h5 Bb6 40. Rb7 Bc7 41.
Ke2 Kf8 42. Kd3 Ke8 43. Ke4 Bd6 44. Kd5 Bc7 45. f3 Kf8 46. Rxc7 Rxc7 47. Kd6 Rc8
48. Kd7 Ra8 49. c7 Ra7 50. Kd8 Ra8+ 51. c8=Q 1-0